Takarmányozás hatása a tejtermelés növelésében

Elmentve itt :
Bibliográfiai részletek
Szerző: Kovács Sándor
További közreműködők: Korellné Dr. Judt Edit (Témavezető)
Dokumentumtípus: Szakdolgozat
Megjelent: 1981
Kulcsszavak:Takarmányozás
Tejtermelés
Tárgyszavak:
Online Access:http://diploma.bibl.u-szeged.hu/98502
LEADER 00705nta a2200217 i 4500
001 dipl98502
005 20220105110035.0
008 220105s1981 hu om 0|| hun d
040 |a SZTE Diploma Repozitórium  |b hun 
041 |a hun 
100 1 |a Kovács Sándor 
245 1 0 |a Takarmányozás hatása a tejtermelés növelésében  |h [elektronikus dokumentum] /  |c Sándor Kovács 
260 |c 1981 
300 |a 36 
650 4 |a Agrár 
650 4 |a Agricultural sciences 
650 4 |a Animal and Dairy science 
695 |a Takarmányozás 
695 |a Tejtermelés 
700 2 |a Korellné Dr. Judt Edit  |e ths 
856 4 0 |u http://diploma.bibl.u-szeged.hu/id/eprint/98502/1/1981_kovacs_sandor.pdf  |z Dokumentum-elérés